000 00797nas a2200253 i 4500
001 490
003 ES-MaACL
005 20250729062606.0
007 t|
008 950801c1979 sp | | 1 ||pa d
080 _a460
245 0 0 _aBoletín oficial de las Cortes Generales. Congreso de los Diputados.
_n, Serie E,
_pPreguntas con respuesta oral.
246 1 0 _aPreguntas con respuesta oral.
_nSerie E
260 _a[Madrid :
_bRivadeneyra],
_c1979.
300 _a12 v. ;
_c29 cm.
310 _aIrregular
362 0 _aI Legislatura (1979)
650 7 _aPolítica
_2embne
_9140345
710 1 _aEspaña.
_bCortes Generales.
_bCongreso.
_93671
852 _aES-MaACL
_jHEM-D-7
_dOlim: Hem-1984
_9504
_zExpurgado: 22-1-2025
866 0 _o1979-93.
942 _2udc
999 _c490
_d490